000 00455nam a2200157 a 4500
001 000048063
005 20201002060909.0
008 181112s2016 dr 000 spa d
020 _a9789945903331
040 _aDO-SdBNP
_bspa
_cBNPHU
100 _aG. Almonte, Roberto
_975566
245 0 _aÉxito financiero. /
_cRoberto G. Almonte.
260 _aSan José de las Matas :
_bOPUS,
_c2016.
300 _a332 p. ;
_c24 cm.
590 _aInventariado, 2018 / DG
999 _c47551
_d47551